00462nam a2200181Ia 450000500170000000800410001702000090005804000190006704100120008608200130009810000140011124500670012526000340019230000110022650400190023765000140025685000100027020240605101452.0131103s9999 xx 000 0 und d cRs.8 aLoreto College aEnglish a540bDUT aDutt, P K aGeneral and inorganic Chemistryb for B.Sc students cP K Dutt aCalcuttabScience Bookc[19?] a460p.  aIncludes index aChemistry aLCBED